New Jersey Superlatives - Statistics

General Stats
  • This quiz has been taken 54 times
  • The average score is 7 of 12
Answer Stats
Hint Answer % Correct
Largest City Newark
98%
Busiest Airport Newark Liberty International Airport
98%
Largest four-year college or university campus (by total enrollment) Rutgers-New Brunswick
86%
Largest County (Area) Ocean (total) / Burlington (land)
75%
Largest County (Population) Bergen
73%
Longest River Hudson River
67%
All-Time Highest Recorded Temperature (°F) 110°F (Runyon)
65%
Highest Point High Point
59%
Largest Lake Lake Hopatcong
45%
All-Time Lowest Recorded Temperature (°F) -34°F (River Vale)
43%
Oldest continuously inhabited settlement Gloucester City
6%
Largest Island Absecon Island
4%
No matching quizzes found
Score Distribution
Percent of People with Each Score
Percentile by Number Answered
Your Score History
You have not taken this quiz